Statistics for Australia's Top Earning Exports

Click here to take the quiz!

General Stats

  • This quiz has been taken 33 times
  • The average score is 8 of 25

Answer Stats

#Aud$(Millions)Answer% Correct
810,809Beef
68%
263,956Coal
64%
183,938Copper
64%
623,372Gold
64%
196,173Iron Ore & Concentrates
56%
203,572Wheat
56%
173,977Aluminium
52%
243,186Wool & other Animal Hair
52%
145,521
Meat(excl. beef)
48%
193,819Other Ores & Concentrates
44%
348,654Natural Gas
40%
213,435Alcoholic Beverages
28%
109,505Crude Petroleum
24%
441,042Education
20%
539,145Tourism
20%
165,321Financial Services
16%
233,197Passenger Transport Services
8%
722,580Personal Travel Services
8%
99,830Aluminium Ores & Concentrates
4%
116,161Copper Ore & Concentrates
4%
252,944Other Transport Services
4%
223,376Pharmaceutical Products(excl. Medicaments)
4%
125,874Professional Services
4%
155,342Technical & other Business Services
4%
135,563Telecom, Computer & Information Services
4%

Score Distribution

Percentile by Number Answered

Percent of People with Each Score

Your Score History

You have not taken this quiz